000 01274nam a2200253Ia 4500
999 _c54187
_d54187
001 21243
003 GE_BSU
005 20211011160210.0
008 181216s2014||||ge |||||||||||||| ||geo||
020 _a9789941133428
040 _cGE_BSU
041 _ageo
080 _a330(075.8) ს-43
100 _aსეფაშვილი, ეკა
_912640
245 _aპრაქტიკული რეკომენდაციები ეკონომიკურ საკითხებზე სამეცნ. ნაშრომის დასაწერად დამწყებთათვის /
_cეკა სეფაშვილი ; რედ. ავთანდილ სილაგაძე.
264 _aთბილისი :
_bთბილ. უნ-ტის გამ-ბა,
_c2014.
300 _a119 გვ. ;
_c 21 სმ.
504 _aბიბლიოგრაფია გვ.118-119
541 _h5ლ.10თ.
653 _aეკონომიკა
653 _aპრაქტიკული რეკომენდაციები ეკონომიკურ საკითხებზე
700 _aსილაგაძე, ავთანდილ
_eრედაქტორი
_912641
942 _cBK
_2udc